Journal of Medical Surgical Nursing Practice and Research (Record no. 58761)

MARC details
000 -LEADER
fixed length control field 00326nam a2200121Ia 4500
008 - FIXED-LENGTH DATA ELEMENTS--GENERAL INFORMATION
fixed length control field 220603s9999 xx 000 0 und d
020 ## - INTERNATIONAL STANDARD BOOK NUMBER
International Standard Book Number 2582-1512
082 ## - DEWEY DECIMAL CLASSIFICATION NUMBER
Item number CLE
100 ## - MAIN ENTRY--PERSONAL NAME
Personal name Clement I
9 (RLIN) 94400
245 ## - TITLE STATEMENT
Title Journal of Medical Surgical Nursing Practice and Research
260 ## - PUBLICATION, DISTRIBUTION, ETC. (IMPRINT)
Place of publication, distribution, etc. Gaziabad
Name of publisher, distributor, etc. MAT journals
Date of publication, distribution, etc. 2020
365 ## - TRADE PRICE
Price amount Rs.
Holdings
Withdrawn status Lost status Damaged status Not for loan Home library Current library Date acquired Vendor Cost, normal purchase price Total Checkouts Full call number Barcode Date last seen Bill Date Koha item type Original Barcode
        Smt. Bakul Tambat Institute of Nursing Education Smt. Bakul Tambat Institute of Nursing Education 23/02/2021 Saurabh Pustak Bandhani Kendra 2660.00   CLE BV0786 BTIN-BV-786 10/08/2022 10/08/2022 Bound Volume BV0786